000 00556nam a22001817a 4500
008 160712b xxu||||| |||| 00| 0 eng d
020 _a981-265-759-2
082 _aDC 158.3 C81t 20006
100 _911185
_aCorey, Gerald.
245 _aTheory and practice of counseling and psychotherapy/
_cGerald Corey.
250 _aSeventh edition.
260 _aAustralia:
_bThomson,
_cc2006.
300 _axviii, 547 pages;
_c23 cm.
500 _aIncludes index.
650 0 _911186
_aCounseling
_xPsychology.
650 0 _911187
_aPsychotherapy.
942 _2ddc
_cDC
999 _c3355
_d3355